[Event "Pan American-ch School U15 12th"]
[Site "Callao"]
[Date "2023.10.17"]
[Round "3"]
[White "Vilcapoma Pacheco, Gabriel"]
[Black "Fernandez Ocana, Leonardo Felix"]
[Result "1/2-1/2"]
[WhiteElo "1747"]
[BlackElo "1581"]
[PlyCount "42"]
[EventDate "2023.10.16"]
[EventType "swiss"]
[EventRounds "9"]
[EventCountry "PER"]
[SourceTitle "Mega2024 Update 01"]
[Source "Chessbase"]
[SourceDate "2023.11.12"]
[SourceVersion "1"]
[SourceVersionDate "2023.11.12"]
[SourceQuality "1"]

1. e4 e5 2. Nf3 Nc6 3. Bc4 Bc5 4. c3 Nf6 5. d3 h6 6. 0-0 d6 7. Nbd2 0-0 8. Re1 Ng4 9. Re2 Kh8 10. h3 Nf6 11. Nf1 Nh5 12. d4 exd4 13. cxd4 Bb6 14. Re1 Nf6 15. d5 Ne7 16. Nh4 Nd7 17. Nf3 Ng6 18. Ng3 Nde5 19. Nxe5 Nxe5 20. Bf1 Qh4 21. Be3 Ba5 1/2-1/2

[Event "Pan American-ch School U15 12th"]
[Site "Callao"]
[Date "2023.10.16"]
[Round "2"]
[White "Camargo Vasquez, Sayre Sebastian"]
[Black "Vilcapoma Pacheco, Gabriel"]
[Result "0-1"]
[WhiteElo "1453"]
[BlackElo "1747"]
[PlyCount "76"]
[EventDate "2023.10.16"]
[EventType "swiss"]
[EventRounds "9"]
[EventCountry "PER"]
[SourceTitle "Mega2024 Update 01"]
[Source "Chessbase"]
[SourceDate "2023.11.12"]
[SourceVersion "1"]
[SourceVersionDate "2023.11.12"]
[SourceQuality "1"]

1. e4 c5 2. Nf3 d6 3. d4 cxd4 4. Nxd4 Nf6 5. Nc3 a6 6. Be3 e5 7. Nb3 Be7 8. f3 Be6 9. Qd2 h5 10. 0-0-0 Nbd7 11. h3 h4 12. f4 Rc8 13. Qf2 b5 14. f5 Bxb3 15. axb3 Qa5 16. Bd3 Qa1+ 17. Kd2 Qxb2 18. Ne2 d5 19. Ke1 dxe4 20. g4 hxg3 21. Qxg3 exd3 22. cxd3 Rc2 23. Rh2 Qxb3 24. Qf3 e4 25. Qh1 Ne5 26. Nd4 Qb4+ 27. Kf1 Rxh2 28. Qxh2 Nfg4 29. Qf4 Nxe3+ 30. Qxe3 Bc5 31. dxe4 Bxd4 32. Rxd4 Rxh3 33. Rd8+ Kxd8 34. Qxh3 Qc4+ 35. Kg1 Qc1+ 36. Kf2 Qf4+ 37. Kg1 Qg4+ 38. Qxg4 Nxg4 0-1